| 000 | 01436nam a22003857a 4500 | ||
|---|---|---|---|
| 003 | CHAP | ||
| 005 | 20220817043047.0 | ||
| 008 | 971010s1983 r 00010 d | ||
| 010 | _a64274 | ||
| 011 | _a65246 | ||
| 035 | _a71581 | ||
| 040 | _cCHAP | ||
| 090 | _aTesis | ||
| 100 | 0 | 0 |
_aPájaro Huertas, David. _989351 |
| 245 | _aDescripción de la tecnología de producción agropecuaria y análisis económico de las unidades de producción campesina, en Santa María Ajoloapan, Estado de México | ||
| 260 |
_aChapingo, Méx. : _bEl autor, _c1983 |
||
| 300 | _a209 h. | ||
| 502 | _aTesis (Ing. Agr. Esp. en Suelos) -- UACH. Departamento de Suelos | ||
| 590 |
_aALEPH _b10 _c20130110 _lUCH01 _h1351 |
||
| 590 |
_aBATCH-UPD _b10 _c20130110 _lUCH01 _h0308 |
||
| 590 |
_aBATCH-UPD _b10 _c20130110 _lUCH01 _h1840 |
||
| 590 |
_aBATCH-UPD _b10 _c20130409 _lUCH01 _h2339 |
||
| 590 |
_aBATCH-UPD _b10 _c20130914 _lUCH01 _h0828 |
||
| 590 |
_aCONVERSION _b10 _c20130109 _lUCH01 _h1335 |
||
| 650 | 1 | 4 |
_aAgricultura _xAspectos economicos _xMexico (Edo.) _91272 |
| 650 | 1 | 4 |
_aAgricultura _xInnovaciones tecnológicas. _91565 |
| 650 | 1 | 4 |
_aCampesinado _xMéxico (Edo.) _918026 |
| 710 | 0 | _aUACH. Departamento de Suelos. | |
| 901 | _aBK | ||
| 942 | _cTESIS | ||
| 949 |
_bBC _cTES _d-95256 _eTS1 _i71581 _si |
||
| 949 |
_bS _cTESBD _d-4214 _eTS1 _i71581 _si |
||
| 949 |
_bS _cTESBD _d-53806 _eTS2 _fc.2 _i71581 _si |
||
| 949 |
_bS _cTESBD _d-53807 _eTS2 _fc.3 _i71581 _si |
||
| 999 |
_c64274 _d64274 |
||